| Поле | Название | Значение |
| |
Тип записи |
a |
| |
Библиографический уровень |
m |
| 001 |
Контрольный номер |
RU/ГПНТБ России/KNIGADB/84(2=411.2)6/К 40-323178792 |
| 005 |
Дата корректировки |
20211220163409.8 |
| 010 |
Индекс ISBN |
__ |
| a |
ISBN |
978-5-04-092584-1 |
| b |
Уточнения |
в пер. |
| 9 |
Тираж |
1500 экз. |
| d |
Цена |
350-90 |
| 100 |
Данные общей обработки |
__ |
| a |
Данные общей обработки |
20210301d2018####m y0rusy028902 ca |
| 101 |
Язык документа |
0_ |
| a |
Язык текста |
rus |
| 102 |
Страна публикации |
__ |
| a |
Страна публикации |
RU |
| 105 |
Кодированные данные (монография) |
__ |
| a |
Кодированные данные (монография) |
y z 000ay |
| 181 |
Поле кодированных данных: вид содержания |
_0 |
| a |
Код вида содержания (ISBD) |
i |
| 182 |
Поле кодированных данных: тип средства |
_0 |
| a |
Код типа средства (ISBD) |
n |
| 200 |
Заглавие и сведения об ответственности |
1_ |
| a |
Заглавие |
Радости Рая |
| f |
Первые сведения об ответственности |
Анатолий Ким |
| 203 |
Вид содержания и тип средства |
__ |
| a |
Вид содержания |
Текст |
| c |
Тип средства |
непосредственный |
| 210 |
Выходные данные |
1_ |
| a |
Место издания |
Москва |
| c |
Издательство |
Э |
| d |
Дата издания |
2018 |
| 215 |
Физическое описание |
__ |
| a |
Объем |
477, [1] с. |
| d |
Формат |
21 см |
| 225 |
Серия |
2_ |
| a |
Серия |
Большая проза |
| 330 |
Аннотация |
__ |
| a |
Аннотация |
"Радости Рая" - это фантасмагорическая автобиография героя, похожая на странный волшебный сон. На первых страницах возникают люди каменного века, а завершается книга вторым всемирным потопом. Однако здесь нет никакого противоречия: и люди, и растения, и камни, и облака наделены душой, и все земные души существует один раз, но вечно, - это и есть "философия бессмертия", разработанная Анатолием Кимом. О времени, которое было и будет всегда, без начала и конца, о великой участи каждой человеческой души на маленькой планете Земля рассказывает эта книга. |
| 333 |
Примечание о целевом назначении |
__ |
| a |
Примечание о целевом назначении |
16+. Для детей старше 16 лет |
| 606 |
Тематические рубрики |
__ |
| a |
Основная рубрика |
Художественная литература |
| 606 |
Тематические рубрики |
__ |
| a |
Основная рубрика |
Русская литература XX в. (произведения) |
| 610 |
Ключевые слова |
0_ |
| a |
Ключевые слова |
современная проза |
| 610 |
Ключевые слова |
0_ |
| a |
Ключевые слова |
проза |
| 610 |
Ключевые слова |
0_ |
| a |
Ключевые слова |
автобиографическая литература |
| 610 |
Ключевые слова |
0_ |
| a |
Ключевые слова |
фантасмагории |
| 610 |
Ключевые слова |
0_ |
| a |
Ключевые слова |
тема Всемирного потопа |
| 610 |
Ключевые слова |
0_ |
| a |
Ключевые слова |
автобиографии |
| 610 |
Ключевые слова |
0_ |
| a |
Ключевые слова |
тема людей |
| 610 |
Ключевые слова |
0_ |
| a |
Ключевые слова |
тема души |
| 686 |
Индексы других классификаций |
__ |
| 2 |
Код системы |
rubbks |
| a |
Классификационный индекс |
84(2=411.2)6-4; ст84(2=411.2)6-4 |
| 700 |
Автор |
_1 |
| a |
Фамилия |
Ким |
| b |
Имя |
А. А. |
| g |
Полное личное имя |
Анатолий Андреевич |
| f |
Даты |
1939- |
| 3 |
Контрольный № нормативной записи |
RU\NLR\AUTH\7735366 |
| 4 |
Код отношения |
070 |
| 801 |
Источник записи |
_0 |
| b |
Организация |
ГПНТБ России |
| a |
Страна |
RU |
| c |
Дата составления |
20210301 |
| g |
Правила каталогизации |
PSBO |
| 801 |
Источник записи |
_1 |
| b |
Организация |
ГПНТБ России |
| a |
Страна |
RU |
| c |
Дата составления |
20210301 |
| g |
Правила каталогизации |
PSBO |
| 852 |
Данные о местонахождении |
5_ |
| j |
Шифр хранения |
84(2=411.2)6-4 |
| i |
Авторский знак |
К 40 |
| 900 |
Макрообъекты |
__ |
| a |
Макрообъекты |
Радости Рая, 2018 |
| 901 |
Тип документа |
__ |
| a |
Ответственный |
ООФиК/Волкова |
| t |
Тип документа |
m |
| 903 |
Характеристики (МАРС) |
__ |
| a |
Дата передачи |
20210302 |
| c |
Наименование библиотеки (МАРС) |
Муниципальное бюджетное учреждение культуры "Централизованная библиотечная система" г. Сургут (Центральная городская библиотека им. А. С. Пушкина) |
| 990 |
Данные о заказе (DOS) |
__ |
| j |
Количество экземпляров (DOS) |
9 |
| t |
N записи в КСУ для И/У (DOS) |
202103 |